00250nam a2200097Ia 4500008004100000100002700041245004100068260002600109260000900135300000800144170620s9999 xx 000 0 und d aRathor-Bhupendra Singh 0aAarogya Sastra Evam Swasthya Shiksha bNew delhi.Friends Pub c2006 a198